000
00288nas a2200121Ia 4500
008
150201s2014 xx 000 0 und d
245
_a
INTERNATIONAL JOURNAL OF PHYSIOLOGY
260
_c
2014
310
_a
Half Yearly
500
_a
NATIONAL
650
_a
Huam Physiology
942
_2
ddc
_c
LJ
999
_c
6236
_d
6236